El educador frente a los medios auxiliares. /

Guardado en:
Autor Principal: Rosal, Oscar C. del
Formato: Libro
Publicado: Buenos Aires : Guadalupe, 1968
Series:Pedag¢gica: Metodolog¡a, 3
Materias:
Etiquetas: Agregar Etiqueta
Sin Etiquetas, Sea el primero en etiquetar este registro!
LEADER 00599nam a22002055a 4500
001 CEM.cems005598
005 20060221000000.0
008 130507s1968##################000#0#####d
003 CEMS
082 0 4 |a 371.33 
100 1 |a Rosal, Oscar C. del 
245 1 0 |a El educador frente a los medios auxiliares. / 
260 |a Buenos Aires :  |b Guadalupe,  |c 1968 
300 |a 190 p. 
490 0 |a Pedag¢gica: Metodolog¡a, 3 
653 |a Biblioteca escolar 
653 |a Educacion 
653 |a Medios audiovisuales 
653 |a Recursos didacticos 
859 |a CEMS  |b BIB. CEMS - 11 de abril  |h 371.33  |i R71  |p 14261.86  |t Ej.1